000 00812nam a2200265 i 4500
001 C2-0340804
003 PPAK
005 20180728142640.0
008 170212s2013 xxu |||| ||||| | eng d
020 _a9780988759411
040 _aPPAK
_beng
_cPPAK
_erda
082 0 4 _a808.42
_223
090 0 0 _a808.42
_bMOR
_dLCK
100 1 _aMorrill, Stephanie,
_eauthor
245 1 0 _aGo teen writers :
_bhow to turn your first draft into a published book
264 1 _a[United States] :
_bN Teen ,
_c2013
300 _a290 pages ;
_c22 cm
336 _2rdacontent
_atext
337 _2rdamedia
_aunmediated
338 _2rdacarrier
_avolume
650 1 0 _aFiction - Authorship. ; Fiction - Technique. ; Authorship.
700 _eauthor
700 1 _aWhite, Roseanna ; Kolmorgen, Chris,
_eeditor
942 _ddc
_cB
999 _c137941
_d137941